Scorers of Hat-Tricks in More Than One Top 5 League Since 2000 - Statistics

General Stats
  • This quiz has been taken 50 times
  • The average score is 34 of 53
Answer Stats
Hat-Tricks Clubs Years Nat. Answer % Correct
39 Real Madrid(34), Manchester United(3), Juventus(2) 2008-2021 🇵🇹 Cristiano Ronaldo
100%
10 Arsenal(8), Barcelona(2) 2000-2008 🇫🇷 Thierry Henry
93%
12 Napoli(7), Paris Saint-Germain(5) 2011-2019 🇺🇾 Edinson Cavani
91%
18 Bayern Munich(10), Tottenham Hotspur(8) 2015- 🏴󠁧󠁢󠁥󠁮󠁧󠁿 Harry Kane
91%
5 Borussia Dortmund(3), Barcelona(1), Saint-Etienne(1) 2012- 🇬🇦 Pierre-Emerick Aubameyang
91%
19 Bayern Munich(14), Barcelona(3), Borussia Dortmund(2) 2011- 🇵🇱 Robert Lewandowski
91%
4 Arsenal(2), Barcelona(1), Udinese(1) 2011- 🇨🇱 Alexis Sánchez
88%
3 Newcastle United(2), TSG Hoffenheim(1) 2009-2011 🇸🇳 Demba Ba
88%
11 Manchester City(8), Borussia Dortmund(3) 2020- 🇳🇴 Erling Haaland
88%
6 Real Madrid(5), Olympique Lyon(1) 2007-2023 🇫🇷 Karim Benzema
88%
11 Paris Saint-Germain(8), Real Madrid(2), AS Monaco(1) 2017- 🇫🇷 Kylian Mbappé
88%
16 Barcelona(10), Liverpool(6) 2012-2018 🇺🇾 Luis Suárez
88%
5 Barcelona(3), Paris Saint-Germain(2) 2014-2022 🇧🇷 Neymar
88%
13 Manchester City(12), Atlético Madrid(1) 2011-2020 🇦🇷 Sergio Agüero
88%
5 Liverpool(4), AS Roma(1) 2016- 🇪🇬 Mohamed Salah
86%
7 Manchester United(5), Real Madrid(2) 2001-2006 🇳🇱 Ruud van Nistelrooy
86%
6 Tottenham Hotspur(4), Bayer Leverkusen(2) 2013-2023 🇰🇷 Son Heung-min
86%
3 Chelsea(2), Lille(1) 2012-2018 🇧🇪 Eden Hazard
84%
4 Montpellier(2), Arsenal(1), AC Milan(1) 2011-2023 🇫🇷 Olivier Giroud
84%
5 Schalke 04(3), Real Madrid(2) 2003-2011 🇪🇸 Raúl
84%
5 Real Madrid(3), Tottenham Hotspur(2) 2012-2021 🏴󠁧󠁢󠁷󠁬󠁳󠁿 Gareth Bale
81%
8 Real Madrid(4), Napoli(3), Juventus(1) 2008-2018 🇦🇷 Gonzalo Higuaín
81%
4 Barcelona(3), Chelsea(1) 2008-2014 🇨🇲 Samuel Eto'o
81%
9 Paris Saint-Germain(7), AC Milan(1), Juventus(1) 2005-2016 🇸🇪 Zlatan Ibrahimović
79%
6 Atlético Madrid(4), AS Monaco(2) 2011-2017 🇨🇴 Radamel Falcao
74%
3 Barcelona(2), Manchester City(1) 2021- 🇪🇸 Ferran Torres
70%
4 Crystal Palace(2), Mainz 05(2) 2019- 🇫🇷 Jean-Philippe Mateta
70%
3 Brescia(1), Fiorentina(1), Bayern Munich(1) 2002-2008 🇮🇹 Luca Toni
70%
3 Atlético Madrid(1), Real Madrid(1), Chelsea(1) 2017- 🇪🇸 Álvaro Morata
67%
3 VfL Wolfsburg(2), Manchester City(1) 2009- 🇧🇦 Edin Džeko
67%
5 Arsenal(3), AS Monaco(1), Real Madrid(1) 2004-2011 🇹🇬 Emmanuel Adebayor
67%
4 VfB Stuttgart(2), Borussia Dortmund(1), Stade Rennais(1) 2022- 🇬🇳 Serhou Guirassy
60%
2 Real Sociedad(1), Newcastle United(1) 2021- 🇸🇪 Alexander Isak
58%
2 Atlético Madrid(1), Chelsea(1) 2011, 2014 🇧🇷🇪🇸 Diego Costa
56%
2 Barcelona(1), Bayern Munich(1) 2018, 2019 🇧🇷 Philippe Coutinho
56%
3 Villarreal(2), AC Milan(1) 2016-2021 🇨🇴 Carlos Bacca
51%
8 AS Monaco(3), Sevilla(3), Toulouse(2) 2013-2023 🇫🇷 Wissam Ben Yedder
51%
2 Valencia(1), Borussia Dortmund(1) 2016, 2018 🇪🇸 Paco Alcácer
47%
3 Chelsea(1), Hertha Berlin(1), Lille(1) 2010-2016 🇨🇮 Salomon Kalou
47%
4 Lorient(1), Paris Saint-Germain(1), Sevilla(1), Atlético Madrid(1) 2011-2017 🇫🇷 Kevin Gameiro
44%
4 Nice(2), Borussia Mönchengladbach(2) 2016-2025 🇫🇷 Alassane Pléa
40%
3 FC Köln(2), Bordeaux(1) 2010-2017 🇫🇷 Anthony Modeste
35%
2 Stade de Reims(1), Salernitana(1) 2020- 🇸🇳 Boulaye Dia
33%
3 Liverpool(2), Espanyol(1) 2004-2011 🇦🇷 Maxi Rodríguez
33%
2 Racing Santander(1), Liverpool(1) 2005, 2009 🇮🇱 Yossi Benayoun
33%
2 Valencia(1), Aston Villa(1) 2001, 2008 🇳🇴 John Carew
26%
2 Arsenal(1), Olympique Lyon(1) 2001, 2006 🇫🇷 Sylvain Wiltord
26%
2 Fiorentina(1), Celta Vigo(1) 2013, 2017 🇮🇹 Giuseppe Rossi
23%
3 Borussia Dortmund(2), Montpellier(1) 2009-2015 🇵🇾 Lucas Barrios
23%
2 Alaves(1), Paris Saint-Germain(1) 2005, 2012 🇧🇷 Nenê
14%
2 Sedan(1), Wigan Athletic(1) 2003, 2005 🇸🇳 Henri Camara
12%
2 Lille(1), West Bromwich Albion(1) 2006, 2012 🇳🇬 Peter Odemwingie
12%
2 VfB Stuttgart(1), Fulham(1) 2010, 2012 🇷🇺 Pavel Pogrebnyak
9%
No matching quizzes found
Score Distribution
Percent of People with Each Score
Percentile by Number Answered
Your Score History
You have not taken this quiz